Já : báseň /

Hlavní autor: Bezruč, Petr, 1867-1958
Další autoři: Peterka, Štěpán, 1892-1945
Jazyk: Čeština
Vydáno: Praha : Miloš Chvála, 1940
Témata:
Fyzický popis: 1 nestránkovaný sv. ; 30 cm
Knihy
Uloženo v:
LEADER 01100nam a2200265 a 4500
001 000627434
003 CZ BrMZK
005 20180202171524.0
008 021003s1940 xr f cze d
040 |a BOA001  |b cze  |c BOA001 
072 7 |a 821.162.3-1  |x Česká poezie  |2 Konspekt  |9 25 
080 |a 821.162.3-1  |2 MRF 
080 |a (0.027.6)  |2 MRF 
100 1 |a Bezruč, Petr,  |d 1867-1958  |7 jk01011993  |4 aut 
245 1 0 |a Já :  |b báseň /  |c Petr Bezruč ; vázal Štěpán Peterka 
260 |a Praha :  |b Miloš Chvála,  |c 1940 
300 |a 1 nestránkovaný sv. ;  |c 30 cm 
500 |a Bibliofilie 
500 |a Tuto báseň z Bezručových Slezských písní vytiskl Miloš Chvála literku po literce v jediném exempláři na ruční papír 
655 7 |a česká poezie  |7 fd133958  |z Česko  |y 19.-20. stol.  |2 czenas 
655 7 |a bibliofilie  |7 fd131893  |2 czenas 
700 1 |a Peterka, Štěpán,  |d 1892-1945  |7 xx0109261  |4 bdd 
910 |a BOA001  |b Bf2-0367.915 
990 |a BK 
996 6 |b 2619200753  |c Bf2-0367.915  |l Stud. starých tisků/4.patro  |r Sklad / do násl. otevíracího dne  |n 1  |w 000627434  |u 000010  |a 1  |e BOA001  |j MZK50  |s P